| 000 | 00000nam 2200000zi 4500 |
| 001 | 9.923342 |
| 003 | CaOODSP |
| 005 | 20230531144221 |
| 006 | m o d f |
| 007 | cr |n||||||||| |
| 008 | 230530t20222022onca ob f|0| 0 eng d |
| 040 | |aCaOODSP|beng|erda|cCaOODSP |
| 043 | |an-cn--- |
| 086 | 1 |aNH21-19/2022E-PDF |
| 245 | 00|aUniversal design : |ba guide for designers, builders and developers of multi-unit residential buildings. |
| 264 | 1|a[Ottawa] : |bCMHC = SCHL, |c[2022] |
| 264 | 4|c©2022 |
| 300 | |a1 online resource (55 pages) : |billustrations |
| 336 | |atext|btxt|2rdacontent |
| 337 | |acomputer|bc|2rdamedia |
| 338 | |aonline resource|bcr|2rdacarrier |
| 500 | |aIssued also in French under title: Conception universelle : un guide à l’intention des concepteurs, des constructeurs et des promoteurs d’immeubles à logements multiples. |
| 504 | |aIncludes bibliographical references (pages 53-55). |
| 650 | 0|aUniversal design|vHandbooks, manuals, etc. |
| 650 | 0|aArchitecture, Domestic|xDesigns and plans|vHandbooks, manuals, etc. |
| 655 | 7|aHandbooks and manuals|2lcgft |
| 710 | 2 |aCanada Mortgage and Housing Corporation, |eissuing body. |
| 775 | 08|tConception universelle : |w(CaOODSP)9.923387 |
| 856 | 40|qPDF|s3.76 MB|uhttps://publications.gc.ca/collections/collection_2023/schl-cmhc/NH21-19-2022-eng.pdf |